000 00928nam a2200241 a 4500
999 _c347446
_d347446
003 BLK
005 20250628164038.0
008 191227b bu ||||| |||| 00| 0 bu d
020 _a9786199098639
040 _aBLK
041 _aBUL
_cBUL
080 _aБългарска литература
_b821.163.2
_x-93-34
_z821.163.2-93-34
100 _aВойнова, Евгения Цветанова
_eпърви автор
_91299
139 _aВойнова, Евгения Цветанова
_bВ 80
245 _aМатея
_cЕвгения Войнова ; ил. Евгения Войнова
260 _9211861
_aСофия
_bДавид
_c2019
_f(София : Алианс)
_n954-8680-
300 _a32 с.
_bс ил.
_c21Х28 см
380 _aDX
490 _9401537
_aКниги за обичане
852 _bД
_cДХ 886.7/В 80
942 _2udc
_cKNG
_n0
_s1
_070
944 _k30542
_lРусанова Ирена